000 01185nam a2200253Ia 4500
003 Ost
005 20260507075110.0
008 260507s9999||||xx |||||||||||||| ||und||
020 _a9961667735
040 _cfsecg
041 _aara
082 _a330
100 _aقادري، عبد العزيز
_eمؤلف
245 0 _aالاستثمار الدولية :
_bالتحكيم التجاري الدولي ضمان الاستثمارات /
_c عبد العزيز قادري
246 _ales investisments internationaux : l'arbirage comercial internatinal la garantie des investisments
260 _aالجزائر:
_bدار هومة,
_c2004
300 _a488 صفحة؛
_c24 سم
520 _aفي هذا الكتاب : 1- مقدمة 2- الاستثمارات الدولية المباشرة التنظيمات والتطورات 3- التحكيم في مجال الاستثمارات الدولية التحكيم التجاري 4- ضمان الاستثمارات الدولية
653 _aاستثمار دولي
653 _aالاستثمار
653 _aالقانون الدولي التجاري
653 _aقانون دولي
942 _cكتاب
999 _c42863
_d42863